| 000 | 01162nam a2200289 i 4500 | ||
|---|---|---|---|
| 005 | 20230622112550.0 | ||
| 008 | 230615s2022 my a j 000 0 may d | ||
| 020 |
_a9789673887217 _cRM29.00 _qpaperback |
||
| 040 |
_aPPAK _beng _cPPAK _erda |
||
| 082 | 0 | 4 |
_223 _a297.1222 |
| 090 | 0 | 0 |
_a297.1222 _bZAH _dK |
| 100 | 0 |
_aZahazan Mohamed, _cDatuk, Dr. _eauthor. |
|
| 245 | 1 | 0 |
_aUMI, ABAH, CERITALAH LAGI! : _b10 Kisah Benar daripada al-Quran dan Hadis. _nJilid 1 / _cDATUK DR. HAJI ZAHAZAN MOHAMED ; Editor Bahasa: Nurul Jannah Ab. Kadir ; Editor Syariah: Amirul Arif Shukri |
| 264 |
_aKuala Lumpur : _bTelaga Biru Sdn Bhd, _c2022 |
||
| 300 |
_axvi, 102 pages : _bcolour illustrations ; _c25 cm |
||
| 336 |
_atext _2rdacontent |
||
| 337 |
_aunmediated _2rdamedia |
||
| 338 |
_avolume _2rdacarrier |
||
| 500 | _aContains verses from the Qur'an and quotes from the Hadith | ||
| 504 | _aBibliography : pages 100-102 | ||
| 650 | 1 | 0 | _aQur'an stories |
| 650 | 2 | 0 | _aHadith stories, Malay |
| 650 | 2 | 0 | _aIslamic stories, Malay |
| 700 | 0 |
_aNurul Jannah Ab. Kadir, _eeditor. |
|
| 700 | 0 |
_aAmirul Arif Shukri, _eeditor. |
|
| 942 |
_2ddc _cB |
||
| 999 |
_c192172 _d192172 |
||